Chicago essays in economic development

Đã lưu trong:
Sonraí Bibleagrafaíochta
Príomhúdar: Wall, David
Formáid: Leabhar
Teanga:Undetermined
Foilsithe: London The University of Chiacago press 1972
Ábhair:
Clibeanna: Cuir Clib Leis
Gan Chlibeanna, Bí ar an gcéad duine leis an taifead seo a chlibeáil!
Thư viện lưu trữ: Trung tâm Học liệu Trường Đại học Cần Thơ
LEADER 00513nam a2200181Ia 4500
001 CTU_81382
008 210402s9999 xx 000 0 und d
082 |a 338.9 
082 |b W187 
100 |a Wall, David 
245 0 |a Chicago essays in economic development 
245 0 |c David Wall 
260 |a London 
260 |b The University of Chiacago press 
260 |c 1972 
650 |a Economic development,Economic policy 
904 |i Trọng Hải 
980 |a Trung tâm Học liệu Trường Đại học Cần Thơ